10 satunnaista ylimääräistä rajaa maailmankartalla - Statistics

Yleistilastot
  • Tätä visaa on pelattu 3 682 kertaa
  • Keskiarvotulos 6 / 10
Vastaukset kartalla
Vastauksille on annettu kartalla punavihreä väri sen mukaan, kuinka moni on saanut sen oikein.
 
Vastaustilastot
Valtio % Oikein
Yhdysvallat
100%
Australia
96%
Ruotsi
95%
Mongolia
94%
Suomi
94%
Egypti
91%
Ranska
91%
Norja
90%
Espanja
89%
Paraguay
87%
Portugali
86%
Venäjä
86%
Uruguay
84%
Valko-Venäjä
83%
Ecuador
82%
Saudi-Arabia
82%
Ukraina
82%
Liettua
80%
Puola
80%
Chile
79%
Intia
79%
Brasilia
77%
Kolumbia
77%
Niger
77%
Venezuela
77%
Nepal
76%
Itävalta
74%
Viro
73%
Etelä-Korea
72%
Irlanti
72%
Namibia
72%
Iran
71%
Jemen
71%
Kazakstan
71%
Madagaskar
71%
Peru
71%
Yhdistynyt kuningaskunta
71%
Bolivia
70%
Kiina
69%
Etelä-Sudan
68%
Islanti
68%
Ghana
66%
Pakistan
65%
Suriname
65%
Angola
64%
Vietnam
64%
Afganistan
63%
Algeria
63%
Tunisia
63%
Guyana
62%
Indonesia
62%
Italia
62%
Kanada
62%
Mauritania
62%
Saksa
62%
Sudan
62%
Zimbabwe
62%
Kongon dem. tasavalta
61%
Tansania
61%
Turkki
61%
Botswana
60%
Irak
60%
Thaimaa
60%
Uusi-Seelanti
60%
Malesia
59%
Oman
58%
Syyria
58%
Gabon
57%
Kenia
57%
Kongon tasavalta
55%
Tšad
55%
Etiopia
54%
Bangladesh
53%
Marokko
53%
Nigeria
52%
Romania
52%
Myanmar
51%
Mosambik
50%
Keski-Afrikan tasavalta
49%
Senegal
49%
Laos
48%
Bulgaria
47%
Georgia
47%
Kamerun
47%
Turkmenistan
47%
Honduras
46%
Uzbekistan
46%
Mali
45%
Guatemala
44%
Etelä-Afrikka
42%
Meksiko
41%
Burkina Faso
39%
Norsunluurannikko
39%
Sambia
38%
Somalia
38%
Japani
37%
Nicaragua
36%
Tadžikistan
35%
Guinea
34%
Sri Lanka
32%
Uganda
31%
Jordania
26%
Papua-Uusi-Guinea
11%
Ehtoja vastaavia visoja ei löytynyt
Tulosjakauma
Jokaisen tuloksen saaneiden osuus
Persentiili vastausten määrän mukaan
Tuloshistoriasi
Et ole pelannut tätä visaa